|
|
|
|
| LEADER |
01156nam a2200277 a 4500 |
| 001 |
787999 |
| 008 |
100613r20041974maua b 001 0 eng d |
| 010 |
|
|
|a 74003995
|
| 020 |
|
|
|a 8178081032
|
| 020 |
|
|
|a 0201000296
|
| 040 |
|
|
|a DLC
|c DLC
|d DLC
|d DB-DhAAL
|
| 082 |
0 |
0 |
|a 001.6/42
|2 18
|
| 100 |
1 |
|
|a Aho, Alfred V.
|
| 245 |
1 |
4 |
|a The design and analysis of computer algorithms /
|c Alfred V. Aho, John E. Hopcroft, Jeffrey D. Ullman.
|
| 260 |
|
|
|a Reading, Mass. ;
|a New Delhi :
|b Pearson education,
|c 1974[reprinted 2004]
|
| 300 |
|
|
|a x, 470 p. :
|b ill. ;
|c 24 cm.
|
| 490 |
0 |
|
|a Addison-Wesley series in computer science and information processing
|
| 504 |
|
|
|a Includes bibliography: (p. [451]-462) and index.
|
| 541 |
1 |
|
|e 00013107
|
| 650 |
|
0 |
|a Computer programming.
|
| 650 |
|
0 |
|a Computer algorithms.
|
| 700 |
1 |
|
|a Hopcroft, John E.,
|d 1939-
|e joint author.
|
| 700 |
1 |
|
|a Ullman, Jeffrey D.,
|d 1942-
|e joint author.
|
| 852 |
4 |
|
|a Ayesha Abed Library
|j General Shelf.
|
| 999 |
|
|
|c 8908
|d 8908
|
| 952 |
|
|
|0 0
|1 0
|2 ddc
|4 0
|6 001_642000000000000_AHO
|7 0
|9 10904
|a BRACUL
|b BRACUL
|c GEN
|d 2010-06-13
|g 351.00
|l 6
|m 58
|o 001.642 AHO
|p 3010013107
|r 2025-06-26
|s 2025-03-02
|t 1
|w 2010-06-13
|y BK
|